00343nam a2200133Ia 4500001000400000008004100004020001800045082001700063100002900080245004100109260001700150901002700167999001500194310241024s9999 xx 000 0 und d a99934-866-7-1 aRD/780/P438s aCatana Pérez de Cuello 0aSinfonía de ideas en 4 movimientos bMatecac2007 a1/11/2010 4:57:29 p.m. c7942d7942